| 000 | 00420nam a2200169Ia 4500 | ||
|---|---|---|---|
| 008 | 230524s9999 xx 000 0 und d | ||
| 082 |
_a658.45 _bMIS |
||
| 100 | _aS.K.Mishra | ||
| 245 | 0 | _aEconomic Environment of Business ( With Case Studies) | |
| 250 | _a6TH | ||
| 260 |
_aMUMBAI _bHimalaya _c2010 |
||
| 300 | _a702 | ||
| 500 | _aQuantity Number: 10 | ||
| 650 | _aEconomics | ||
| 700 | _a V.K.Puri | ||
| 942 | _cBK | ||
| 999 |
_c49269 _d49269 |
||